header

The philosophy of nature (Record no. 226077)

MARC details
000 -LEADER
fixed length control field 01278nam a2200337 a 4500
100 1# - MAIN ENTRY--AUTHOR NAME
Personal name Ellis, B. D.
245 14 - TITLE STATEMENT
Title The philosophy of nature
260 ## - PUBLICATION, DISTRIBUTION, ETC. (IMPRINT)
Place of publication Chesham [England] :
Name of publisher Acumen,
Year of publication 2002.
300 ## - PHYSICAL DESCRIPTION
Number of Pages v, 185 p.
650 #0 - SUBJECT ADDED ENTRY--TOPICAL TERM
Topical Term Philosophy of nature.
Topical Term Essentialism (Philosophy)
Topical Term Necessity (Philosophy)
856 40 - ELECTRONIC LOCATION AND ACCESS
Uniform Resource Identifier http://site.ebrary.com/lib/rucke/Doc?id=10455553

No items available.

© 2026 Rongo University
Contact us: librarian | system librarian | Rongo university